Statistics for Biggest company in the country

Click here to take the quiz!

General Stats

  • This quiz has been taken 25 times
  • The average score is 4 of 16

Answer Stats

CountryCompany% Correct
United States of AmericaApple
95%
South KoreaSamsung
86%
JapanToyota
68%
Saudi ArabiaSaudi Aramco
45%
United KingdomShell
32%
SwitzerlandNestlé
23%
IrelandAccenture
14%
AustraliaBHP
14%
FranceLVMH
14%
NetherlandsASML
9%
ChinaTencent
9%
TaiwanTSMC
9%
DenmarkNovo Nordisk
5%
GermanySAP
5%
IndiaReliance Industries
0%
CanadaRoyal Bank of Canada
0%

Score Distribution

Percentile by Number Answered

Percent of People with Each Score

Your Score History

You have not taken this quiz